000 00653nam a2200229Ia 4500
003 OSt
005 20221007075010.0
006 a|||||r|||| 00| 0
007 ta
008 221006b |||||||| |||| 00| 0 eng d
024 _a18,165
037 _cTextual
040 _aFLL
_cFLL
_beng
041 _2eng
_aeng
082 _aY7p237,N6, L6
100 _aRishabhdev Au.
_9693393
245 0 _aReport of the eighth conference for tribes and tribal areas
260 _aNew Delhi
_bBharatiya adimjati Sevak Sangh, India
_c1976
300 _a65p
_ccm.
942 _hY7p237,N6, L6
_cTEXL
_2CC
999 _c1154447
_d1154447